00231nam a22000855i 4500020001800000040000800018082002600026245008000052300001300132 a9781547188956 cDLC a658 PAN 1982 A051 Or.00a10 investment biases that fried my nest eggs :bbut i still made $900,000 / apages cm